| 000 | 00390nam a22001451a 4500 | ||
|---|---|---|---|
| 082 |
_aM1 _bKES/I |
||
| 100 | _aKesavan Kalamandalam | ||
| 245 |
_aIdackayude dukham/ _cby Kesavan Kalamandalam |
||
| 260 |
_aKottayam: _bSahitya Pravartaka Co-operative Society, _c1999. |
||
| 300 | _a87p. | ||
| 650 | _aPoetry Malayalam | ||
| 650 | _aLiterature Malayalam | ||
| 650 | _aLiterature | ||
| 942 | _cBK | ||
| 999 |
_c18941 _d18941 |
||